000 00427nam a2200157Ia 4500
008 230711s9999||||xx |||||||||||||| ||und||
041 _aENG
082 _a620
_bLE-M
100 _aLee,William C.Y
245 0 _aMobile communication engineering theory and application
250 _a2nd Ed.
260 _c1998
_aNew Delhi
_bTata McGraw Hill Education Limited
300 _a689
650 _aElectronics Engineering
942 _cBK
999 _c4559
_d4559